குழியுடலிகள் (Record no. 601238)

MARC details
000 -LEADER
fixed length control field 00431nam a2200121Ia 4500
008 - FIXED-LENGTH DATA ELEMENTS--GENERAL INFORMATION
fixed length control field 251206s9999 xx 000 0 und d
082 ## - DEWEY DECIMAL CLASSIFICATION NUMBER
Classification number 593.5
Item number RAD
100 ## - MAIN ENTRY--AUTHOR NAME
Personal name இராதாகிருஷ்ணன், சி.
245 #0 - TITLE STATEMENT
Title குழியுடலிகள்
260 ## - PUBLICATION, DISTRIBUTION, ETC. (IMPRINT)
Place of publication சென்னை :
Name of publisher தமிழ்நாட்டுப் பாடநூல் நிறுவனம்
942 ## - ADDED ENTRY ELEMENTS (KOHA)
Koha item type Reference
Holdings
Withdrawn status Lost status Damaged status Not for loan Home library Current library Shelving location Date acquired Full call number Accession Number Price effective from Koha item type
        Anna Centenary Library Anna Centenary Library COMPETITIVE SECTION - SEVENTH FLOOR 06.12.2025 593.5 RAD G015155 06.12.2025 Reference

Find us on the map